01657nam a2200409 i 450000100060000000300080000600500170001400600190003100700150005000800410006502000180010602000280012403500220015204000310017405000250020508000120023008200180024210000330026024500940029326400810038730000410046833600290050933700330053833800390057149000380061050400290064858800830067759001620076065000360092265000620095865000630102065500270108379700180111083000390112885600630116799900170123028230FINmELB20241216220038.0m o u cr cn|||||||||240322s2019 mx ob 000 0 spa d z9786073018784 a9786073018890q(e-book) a(OCoLC)1427603445 aFINmELBbspaerdacFINmELB14aK3611.A77bB837 2019 a347.61104a344.041962231 aBrena Sesma, Ingrid,eautor.13aLa fecundación in vitro en el sistema interamericano de justicia /cIngrid Brena Sesma. 1aCiudad de México :bInstituto de Investigaciones Jurídicas, UNAM,c2019. a1 recurso en línea (156 páginas) atextobtxt2rdamedia/spa acomputadorabc2rdamedia/spa arecurso en línea2rdacarrier/spa1 aSerie Estudios jurídicos ;v336 aContiene bibliografía. aDescripción basada en metadatos suministrados por el editor y otras fuentes. aRecurso electrónico. Santa Fe, Arg.: elibro, 2024. Disponible vía World Wide Web. El acceso puede estar limitado para las bibliotecas afiliadas a elibro. 4aReproducción humana asistida. 4aFertilización humana in vitroxDerecho y legislación. 4aInseminación artificial humanaxDerecho y legislación. 4aLibros electrónicos.2 aelibro, Corp. 0aSerie Estudios jurídicos ;v336.40uhttps://elibro.net/ereader/politecnicointernacional/249729 c28230d28230